| 000 | 01100nam a2200229 a 4500 | ||
|---|---|---|---|
| 001 | 000035601 | ||
| 005 | 20200930074450.0 | ||
| 008 | 111105s2008 ck a 000 j spa d | ||
| 020 | _a9789583006418 | ||
| 040 |
_aDO-SdBNP _bspa _cBNPHU |
||
| 082 |
_axxx _bQ8c, 2008 |
||
| 100 | 1 |
_aQuiroga, Horacio, _d1878-1937. _95062 |
|
| 245 | 1 | 0 |
_aCuentos de amor de locura y de muerte / _cHoracio Quiroga; ilustraciones Eric Nieto. |
| 260 |
_aSanta Fe de Bogotá : _bPanamericana Editorial, _c2008. |
||
| 300 |
_a221 p. : _bil. ; _c21. |
||
| 490 | 1 | _aLetras latinoamericanas | |
| 500 | _aNovena reimpresión | ||
| 500 | _aIncluye datos del autor en la solapa | ||
| 505 | 0 |
_tUna estación de amor -- _tLa muerte de Isolda -- _tEl solitario -- _tLos buques suicidantes -- _tA la deriva -- _tLa insolación -- _tEl alambre de púa -- _tLos mensú -- _tLa gallina degollada -- _tEl almohadón de pluma -- _tYaguaí -- _tLos pescadores de vigas -- _tLa miel silvestre -- _tNuestro primer cigarro -- _tLa meningitis y su sombra -- _tBiografía . |
|
| 700 | 1 |
_aNieto, Eric, _eil. _961507 |
|
| 830 | 0 |
_aLetras latinoamericanas _922732 |
|
| 999 |
_c35092 _d35092 |
||